La ligne 53 STIB - Statistiques

Statistiques générales
  • Ce quiz a été pris 26 fois
  • Le résultat moyen est 13 sur 34
Statistiques - réponses
Réponse % Correct
Hopital militaire
87%
Bockstael
73%
Westland Shopping
73%
Peterbos
60%
Fruit
53%
Léopold 1
53%
Mehdi Bouda
53%
Prince de Liège
53%
Bastogne
47%
Leroy
47%
Machtens
47%
Miroir
47%
Woeste
47%
De wand
40%
Amelie Gomand
33%
Bossaert Basilique
33%
Cimetière de Molenbeek
33%
Emile Delva
33%
Gare de Bockstael
33%
Pagodes
33%
Riethuisen
33%
Simpson
33%
Artistes
27%
Schola europea
27%
Val maria
27%
Versailles
27%
Karel Bogaerd
20%
Long bonnier
20%
Beyseghem
13%
Ferme nos pilifs
13%
Kruipweg
13%
Peter Benoit
13%
Serres royales
13%
Candies
0%
Aucun quiz correspondant
Distribution des résultats
% des personnes avec chaque résultat
Percentile par nombre de réponses
Votre historique - résultats
Vous n’avez pas pris ce quiz